| 000 | 00348cam a22001217a 4500 | ||
|---|---|---|---|
| 008 | 180718b-- xxu||||| |||| 00| 0 eng d | ||
| 082 | _aLx54114 F | ||
| 100 | _aMizoram. Finance Commission | ||
| 245 | _aReport of the Mizoram Finance Commission | ||
| 260 |
_aAizawl _bThe author _c-- |
||
| 500 | _aLibrary has 1999 | ||
| 650 | _aFinance - India - Mizoram | ||
| 999 |
_c488020 _d488020 |
||